| 000 | 00492nam a22001817a 4500 | ||
|---|---|---|---|
| 003 | DO-SdBNP | ||
| 005 | 20171205111411.0 | ||
| 008 | 171122b 1970 mx 00| 0 spa d | ||
| 020 | _a0070918104 | ||
| 040 |
_aBPMSU _bspa _cBPMSU |
||
| 100 | 1 | _aSchaum, Daniel | |
| 245 | 1 | 0 |
_aTeorÃa y problemas de quimica general _cDaniel Shaum |
| 260 |
_aBogotá : _bMcGaraw-Hill _c1966 |
||
| 300 |
_a246 p. _bil. : _c30 cm |
||
| 942 |
_2ddc _cBK |
||
| 945 | _aInventariado extranjero / 2017 VM | ||
| 956 |
_adgarcia _b10 |
||
| 999 |
_c13015 _d13015 |
||